000
00305nam a22001337a 4500
008
181019b xxu||||| |||| 00| 0 eng d
020
_a
0881671835
041
_a
eng
080
_a
616-053.2
100
_a
8
101
_a
ORT
245
_a
Standards in Pediatrics Orthopedics
_c
Press,R
942
_2
udc
_c
BK
999
_c
50214
_d
50214